00870cam a2200253 i 450000100060000000300080000600500170001400800390003103500190007004000270008904100080011608200210012410000280014524500820017325000110025526000360026630000260030250001470032850400320047550400200050765000210052765000230054865100450057126521BD-RjUL20211209051029.0140322s1977 bg b 001 0 eng a(BD-RjUL)26591 aDLCcDLCdBD-RjULbeng aeng00a954.14bMAB 19771 aMallick, Azizur Rahman.10aBritish policy and the Muslims in Bengal, 1757-1856 /cAzizur Rahman Mallick. a2d ed. aDacca :bBangla Academy,c1977. axii, 408 p. ;c22 cm. aA revision of the author's thesis, University of London, 1953, under the title: The development of the Muslims of Bengal and Bihar, 1813-1856. aBibliography: p. [377]-393. aIncludes index. 0aMuslimszBengal. 0aEducationxBengal. 0aBengal (India)xPolitics and government.